DC Quiz - Statistics

General Stats
  • This quiz has been taken 43 times
  • The average score is 12 of 15
Answer Stats
Hint Answer % Correct
Faster than a speeding bullet Superman
100%
King of atlantis Aquaman
97%
Caped Crusader Batman
97%
Fastest man alive The Flash
97%
Daughter of Zeus Wonder Woman
97%
city of number 1 Gotham
94%
Green ring Green Lantern
94%
love interest of number 2 Lois Lane
92%
love interest of number 1 Catwoman
89%
city of number 2 Metropolis
89%
All of them together what are they called? Justice League
83%
Alien from Mars Martian Manhunter
81%
Cousin of number 2 Supergirl
78%
love interest of number 3 Steve Trevor
39%
birthplace of number 3 Themiscira
19%
No matching quizzes found
Score Distribution
Percent of People with Each Score
Percentile by Number Answered
Your Score History
You have not taken this quiz